000 00323 a2200157 4500
001 179993
020 _a
040 _cMagnum
100 _aSand, Elos
240 1 0 _aO ladrao de bagda
_lpor
245 1 0 _aO ladrao de bagda
362 0 _a1899
440 1 _aMelhoramentos
697 _aMAGNITO: IJ/FABULAS
942 _cBK
999 _c179993
_d179993